| 000 -LEADER | |
|---|---|
| fixed length control field | 00396nam a22001697a 4500 |
| 005 - DATE AND TIME OF LATEST TRANSACTION | |
| control field | 20170919165944.0 |
| 008 - FIXED-LENGTH DATA ELEMENTS--GENERAL INFORMATION | |
| fixed length control field | 160701b xxu||||| |||| 00| 0 eng d |
| 020 ## - INTERNATIONAL STANDARD BOOK NUMBER | |
| ISBN | 978-81-89904-33-3 |
| 041 ## - LANGUAGE CODE | |
| Language code of text/sound track or separate title | eng |
| 082 ## - DEWEY DECIMAL CLASSIFICATION NUMBER | |
| Item number | 622 |
| 100 ## - MAIN ENTRY--AUTHOR NAME | |
| Personal name | Deshmukh, DJ |
| 245 ## - TITLE STATEMENT | |
| Title | Elements of Mining Technology II |
| 260 ## - PUBLICATION, DISTRIBUTION, ETC. (IMPRINT) | |
| Name of publisher | Denett |
| 300 ## - PHYSICAL DESCRIPTION | |
| Number of Pages | 323 |
| 650 ## - SUBJECT ADDED ENTRY--TOPICAL TERM | |
| Topical Term | Diploma Engineering |
| 942 ## - ADDED ENTRY ELEMENTS (KOHA) | |
| Koha item type | Books |
| Lost status | Damaged status | Home library | Current library | Shelving location | Date acquired | Cost, normal purchase price | Full call number | Accession Number | Koha item type | Collection code | Source of acquisition |
|---|---|---|---|---|---|---|---|---|---|---|---|
| JRU Library | SHELF-6-C | 01/07/2016 | 275.00 | 622 | 20314 | Books | |||||
| JRU Library | JRU Library | SHELF-100-C | 01/07/2016 | 275.00 | 622 | 20315 | Books | MINING | PURCHASE | ||
| JRU Library | SHELF-100-C | 01/07/2016 | 275.00 | 622 | 20316 | Books | |||||
| JRU Library | JRU Library | SHELF-100-C | 01/07/2016 | 275.00 | 622 | 20317 | Books | MINING | PURCHASE | ||
| JRU Library | JRU Library | SHELF-100-C | 01/07/2016 | 275.00 | 622 | 20318 | Books | MINING | PURCHASE | ||
| JRU Library | SHELF-100-C | 19/09/2017 | 275.00 | 622 | 22073 | Books | Purchase | ||||
| JRU Library | JRU Library | SHELF-100-C | 19/09/2017 | 275.00 | 622 | 22074 | Books | MINING | Purchase | ||
| JRU Library | JRU Library | SHELF-100-C | 10/09/2025 | 400.00 | 622 | 28870 | Books | MINING | PURCHASE | ||
| JRU Library | JRU Library | SHELF-100-C | 10/09/2025 | 400.00 | 622 | 28871 | Books | MINING | PURCHASE | ||
| JRU Library | JRU Library | SHELF-100-C | 10/09/2025 | 400.00 | 622 | 28872 | Books | MINING | PURCHASE | ||
| JRU Library | JRU Library | SHELF-100-C | 10/09/2025 | 400.00 | 622 | 28873 | Books | MINING | PURCHASE |